000 00522nam a2200181Ia 4500
005 20250508163536.0
008 008 250505s9999 xx 000 0 eng d
037 _aTextual
040 _aFEDL
_beng
_cFEDL
041 _aeng
_2eng
084 _a370.9, SOD
_qFEDL
100 _aSodhi T. S.
245 2 _aA textbook of comparative education
260 _aNew Delhi, India
_bVikas Publishing House Private Limited
_c1983
300 _aviii,417p.
942 _cTEXL
_h370.9, SOD
999 _c1383976
_d1383976